[Event "C.to Regionale Lombardia"]
[Site "Solaro ITA"]
[Date "2010.05.28"]
[Round "1"]
[White "Attuati, Luca"]
[Black "Franceschetti, Nando"]
[Result "0-1"]
[WhiteElo "1446"]
[BlackElo "1872"]
[PlyCount "100"]
[EventDate "2010.05.28"]

1. e4 e5 2. Nf3 Nf6 3. Nc3 d6 4. Bc4 Bg4 5. d3 c6 6. Bb3 Be7 7. h3 Bh5 8. g4
Bg6 9. Nh4 Nbd7 10. Nxg6 hxg6 11. Qf3 O-O 12. Bd2 Nc5 13. O-O-O a5 14. a3 Nxb3+
15. cxb3 b5 16. Na2 c5 17. Qe2 Ne8 18. f4 exf4 19. Bxf4 Nc7 20. Qh2 Ne6 21. Be3
Bg5 22. Bxg5 Qxg5+ 23. Qd2 Qxd2+ 24. Rxd2 Nd4 25. Rdh2 Nxb3+ 26. Kb1 b4 27. a4
Nd4 28. h4 f6 29. h5 gxh5 30. Rxh5 Nf3 31. Kc1 Ne5 32. g5 fxg5 33. Rh8+ Kf7 34.
R8h7 Kg6 35. R7h3 Rf6 36. Kd1 Raf8 37. Nc1 Rf1+ 38. Rxf1 Rxf1+ 39. Kc2 Nf3 40.
Nb3 Rf2+ 41. Kc1 Rf1+ 42. Kc2 Nd4+ 43. Nxd4 cxd4 44. Rh8 Rf2+ 45. Kc1 b3 46.
Rd8 Rc2+ 47. Kb1 Rc6 48. Ra8 g4 49. Rxa5 g3 50. Rf5 g2 0-1

[Event "C.to Regionale Lombardia"]
[Site "Solaro ITA"]
[Date "2010.05.28"]
[Round "1"]
[White "Barolo, Andrea"]
[Black "Valenti, Giuseppe"]
[Result "1/2-1/2"]
[WhiteElo "1763"]
[BlackElo "2128"]
[PlyCount "108"]
[EventDate "2010.05.28"]

1. e4 b6 2. Nf3 Bb7 3. Nc3 e6 4. d4 d5 5. exd5 exd5 6. Bb5+ c6 7. Be2 Nf6 8.
O-O Bd6 9. Re1 O-O 10. Bg5 h6 11. Bh4 Nbd7 12. Qd2 Qc7 13. Ne5 Nxe5 14. dxe5
Bxe5 15. Bg3 Bxg3 16. hxg3 Rfe8 17. Bf3 Qd7 18. Qf4 d4 19. Ne4 Nxe4 20. Bxe4
Rad8 21. Bf5 Qd5 22. Be4 Qa5 23. Qc7 Ba8 24. Re2 c5 25. Rae1 Bxe4 26. Rxe4
Qxe1+ 27. Rxe1 Rxe1+ 28. Kh2 Ra8 29. Qb7 Ree8 30. Qa6 Re7 31. Qc4 Rd8 32. g4 d3
33. cxd3 Rd4 34. Qa6 Red7 35. f3 Rxd3 36. a4 Rd2 37. a5 R7d6 38. Qxa7 bxa5 39.
Qxc5 R6d5 40. Qc8+ Rd8 41. Qc7 a4 42. Kg3 g6 43. Kh3 Re8 44. Qf4 Ree2 45. Qxa4
Rxb2 46. Qd7 Rbd2 47. Qc8+ Kg7 48. Qc3+ Kf8 49. Qh8+ Ke7 50. Qxh6 Rxg2 51. Qe3+
Kf8 52. Qc5+ Kg8 53. Qc8+ Kg7 54. Qc3+ Kh7 1/2-1/2

[Event "C.to Regionale Lombardia"]
[Site "Solaro ITA"]
[Date "2010.05.28"]
[Round "1"]
[White "Bellia, Fabrizio"]
[Black "Oteri, Aldo"]
[Result "1-0"]
[WhiteElo "2373"]
[BlackElo "1821"]
[PlyCount "50"]
[EventDate "2010.05.28"]

1. e4 e6 2. d4 d5 3. Nd2 Be7 4. Bd3 c5 5. dxc5 Bxc5 6. Ngf3 Nc6 7. O-O Nf6 8.
Qe2 dxe4 9. Nxe4 Nxe4 10. Qxe4 Bd7 11. c3 Qe7 12. b4 Bb6 13. b5 Na5 14. Ne5 Rc8
15. Bb2 f6 16. Nxd7 Qxd7 17. Rad1 Qe7 18. Rfe1 Kf7 19. Ba3 Bc5 20. Bb4 f5 21.
Qe2 b6 22. Bxf5 Rce8 23. Qf3 Qf6 24. Rd7+ Kf8 25. Rxe6 g6 1-0

[Event "C.to Regionale Lombardia"]
[Site "Solaro ITA"]
[Date "2010.05.28"]
[Round "1"]
[White "Binda, Federico"]
[Black "Rossi, Giampiero"]
[Result "1/2-1/2"]
[WhiteElo "1506"]
[BlackElo "1890"]
[PlyCount "101"]
[EventDate "2010.05.28"]

1. e4 c5 2. Nf3 e6 3. d3 d6 4. g3 Nf6 5. Bg2 Be7 6. O-O O-O 7. Re1 Nc6 8. Nbd2
Qc7 9. c3 Bd7 10. Nf1 Rac8 11. d4 cxd4 12. Nxd4 a6 13. h4 Rfd8 14. Nh2 Nxd4 15.
Qxd4 Bc6 16. Qd1 d5 17. e5 Ne4 18. Bf4 Nxf2 19. Kxf2 Qb6+ 20. Be3 Qxb2+ 21. Qd2
Qa3 22. Bd4 Bb5 23. Bf1 Bc4 24. Ng4 Bc5 25. Bxc4 Bxd4+ 26. cxd4 dxc4 27. Qc1
Qxc1 28. Raxc1 Rxd4 29. Ne3 b5 30. Kf3 Rd3 31. Red1 Rcd8 32. Ke2 R3d7 33. Rxd7
Rxd7 34. a4 Rc7 35. axb5 axb5 36. Rb1 Rc5 37. Kf3 c3 38. Ke4 f6 39. exf6 gxf6
40. Kd4 Re5 41. Ng4 Rd5+ 42. Kxc3 Kf7 43. Rf1 f5 44. Ne3 Re5 45. Rf3 h5 46. Kb4
Kf6 47. Nc2 Re4+ 48. Kxb5 Ke5 49. Kc5 f4 50. Nb4 Kf5 51. Nd3 1/2-1/2

[Event "C.to Regionale Lombardia"]
[Site "Solaro ITA"]
[Date "2010.05.28"]
[Round "1"]
[White "Bonazzi, Edoardo"]
[Black "Necchi, Flavio"]
[Result "1-0"]
[WhiteElo "2171"]
[BlackElo "1789"]
[PlyCount "49"]
[EventDate "2010.05.28"]

1. Nf3 Nf6 2. c4 e6 3. g3 d5 4. Bg2 Be7 5. O-O O-O 6. d4 Nc6 7. cxd5 exd5 8.
Nc3 Ne4 9. Qb3 Nxc3 10. Qxc3 Bf6 11. Bf4 Re8 12. Rfe1 Bf5 13. Rad1 Be4 14. Ne5
Ne7 15. Ng4 Nc6 16. Nxf6+ Qxf6 17. f3 Bf5 18. e4 Be6 19. Bxc7 dxe4 20. d5 Qe7
21. Bf4 Nb4 22. dxe6 Rac8 23. Bd6 Rxc3 24. Bxe7 Rd3 25. Bxb4 1-0

[Event "C.to Regionale Lombardia"]
[Site "Solaro ITA"]
[Date "2010.05.28"]
[Round "1"]
[White "Cornaggia, Ranieri"]
[Black "Carbone, Lorenzo"]
[Result "1-0"]
[WhiteElo "2000"]
[BlackElo "1683"]
[PlyCount "63"]
[EventDate "2010.05.28"]

1. e4 c5 2. Nf3 d6 3. d4 cxd4 4. Nxd4 Nf6 5. Nc3 e6 6. Be3 a6 7. f3 Be7 8. Qd2
Bd7 9. O-O-O Nc6 10. g4 h6 11. Kb1 Rc8 12. Rg1 Ne5 13. h4 Nc4 14. Bxc4 Rxc4 15.
g5 hxg5 16. hxg5 Nh5 17. f4 g6 18. Nf3 b5 19. Bd4 Rg8 20. b3 Rc6 21. Ne2 Qc7
22. Bb2 Qb7 23. Ng3 Nxg3 24. Rxg3 b4 25. Nh2 Rc7 26. Re3 Bc6 27. Qd4 Kd7 28.
Ng4 Kc8 29. c4 Kb8 30. Rde1 a5 31. Qd2 a4 32. Nh6 1-0

[Event "C.to Regionale Lombardia"]
[Site "Solaro ITA"]
[Date "2010.05.28"]
[Round "1"]
[White "Dal Lago, Emilio"]
[Black "Brioschi, Camillo"]
[Result "0-1"]
[WhiteElo "1436"]
[BlackElo "1866"]
[PlyCount "78"]
[EventDate "2010.05.28"]

1. g3 d5 2. Bg2 Nf6 3. d3 Bf5 4. b3 e5 5. a3 c6 6. Nd2 Nbd7 7. Bb2 Bd6 8. e3
O-O 9. h3 Nc5 10. Qe2 Re8 11. g4 Bg6 12. h4 h5 13. gxh5 Bxh5 14. Bf3 g6 15.
O-O-O Ne6 16. Nf1 Qe7 17. Ng3 Ng7 18. Nxh5 Nfxh5 19. Qd2 Bxa3 20. Ne2 a5 21.
Rdg1 Bxb2+ 22. Kxb2 Qb4 23. Qxb4 axb4 24. Ng3 Kh7 25. Ra1 Rxa1 26. Rxa1 Nxg3
27. fxg3 Nf5 28. e4 dxe4 29. Bxe4 Nxg3 30. Ra4 Nxe4 31. dxe4 Kh6 32. Rxb4 Re7
33. c4 Kh5 34. c5 Kxh4 35. Rc4 g5 36. Kc2 Rd7 37. Rc3 g4 38. Rd3 Rxd3 39. Kxd3
Kh3 0-1

[Event "C.to Regionale Lombardia"]
[Site "Solaro ITA"]
[Date "2010.05.28"]
[Round "1"]
[White "Giannotti, Salvatore"]
[Black "Rettore, Ludwig"]
[Result "1-0"]
[WhiteElo "1775"]
[BlackElo "2169"]
[PlyCount "128"]
[EventDate "2010.05.28"]

1. d4 Nf6 2. Nf3 g6 3. Nbd2 Bg7 4. e4 d6 5. Bd3 O-O 6. O-O Nbd7 7. c3 c6 8. Re1
e5 9. dxe5 dxe5 10. Qc2 Qc7 11. b4 Re8 12. a4 Nf8 13. Nc4 Bg4 14. Nfd2 Rad8 15.
a5 Ne6 16. Nb3 Nf4 17. Bf1 Bc8 18. Be3 Qb8 19. Rad1 Ng4 20. Bc5 Bf8 21. Rxd8
Rxd8 22. Rd1 Be6 23. Rxd8 Qxd8 24. Bxa7 Qh4 25. h3 Bxc4 26. Bxc4 Nxh3+ 27. gxh3
Qxh3 28. Qd3 Qh2+ 29. Kf1 Qh1+ 30. Ke2 Nh2 31. Kd2 Nf3+ 32. Ke2 Nh2 33. Nd2 Qg2
34. Qg3 Qh1 35. Bb8 Bh6 36. Bxe5 Bxd2 37. Kxd2 Qxe4 38. Bxf7+ Kxf7 39. Qxh2
Qd5+ 40. Bd4 Qa2+ 41. Ke3 Qe6+ 42. Qe5 Qh3+ 43. f3 Qh1 44. Qf6+ Ke8 45. Qe6+
Kf8 46. Bc5+ Kg7 47. Qe7+ Kh6 48. Qf8+ Kh5 49. Bd4 Qe1+ 50. Kd3 Qf1+ 51. Kc2
Qe2+ 52. Kb3 Qe6+ 53. Ka3 Qe1 54. Qc5+ g5 55. Qf5 Qa1+ 56. Kb3 Qd1+ 57. Kc4
Qe2+ 58. Qd3 Qe6+ 59. Kc5 h6 60. Qe4 Qf7 61. Kb6 Qc4 62. Qe8+ Kh4 63. Kxb7 c5
64. Qe4+ Kh5 1-0

[Event "C.to Regionale Lombardia"]
[Site "Solaro ITA"]
[Date "2010.05.28"]
[Round "1"]
[White "Giovarruscio, Gabriele"]
[Black "Cardani, Roberto"]
[Result "0-1"]
[WhiteElo "1670"]
[BlackElo "1998"]
[PlyCount "94"]
[EventDate "2010.05.28"]

1. Nf3 Nf6 2. c4 g6 3. g3 Bg7 4. Bg2 O-O 5. O-O d6 6. Nc3 e5 7. d3 Nc6 8. Bg5
h6 9. Bd2 Be6 10. Rc1 Qd7 11. a3 a5 12. Qa4 Bh3 13. Nd5 Nd4 14. Nxf6+ Bxf6 15.
Qd1 Nxf3+ 16. exf3 Bg7 17. b3 Bxg2 18. Kxg2 f5 19. Re1 Kh7 20. Bc3 b6 21. d4
exd4 22. Bxd4 Rae8 23. Bxg7 Qxg7 24. Qd2 Qf7 25. f4 Rxe1 26. Rxe1 a4 27. Qb4
axb3 28. Qxb3 Re8 29. Re3 Qd7 30. h4 Qc6+ 31. Kh2 Re4 32. Rc3 Re1 33. f3 Qc5
34. Qc2 Qg1+ 35. Kh3 Qd4 36. Kh2 Rd1 37. Re3 Rd2+ 38. Re2 Rxc2 39. Rxc2 Qd3 40.
Rb2 Qxc4 41. Kg2 d5 42. Rd2 Kg7 43. Kh3 d4 44. g4 Qf1+ 45. Kh2 d3 46. Rg2 Qxg2+
47. Kxg2 d2 0-1

[Event "C.to Regionale Lombardia"]
[Site "Solaro ITA"]
[Date "2010.05.28"]
[Round "1"]
[White "Gonella, Daniele"]
[Black "Guerini, Silvia jr"]
[Result "1-0"]
[WhiteElo "1937"]
[BlackElo "1617"]
[PlyCount "67"]
[EventDate "2010.05.28"]

1. e4 e5 2. Nf3 Nc6 3. Bb5 a6 4. Bxc6 dxc6 5. O-O Bg4 6. h3 Bh5 7. d3 Qd6 8.
Nbd2 b5 9. a4 Nf6 10. b3 Be7 11. Ba3 c5 12. Bb2 Nd7 13. axb5 O-O 14. bxa6 Rxa6
15. Rxa6 Qxa6 16. g4 Bg6 17. Nxe5 Nxe5 18. Bxe5 Qc6 19. Bg3 f6 20. Qe2 Bf7 21.
Ra1 Bd6 22. Bxd6 cxd6 23. c4 Rb8 24. Qd1 Qd7 25. Qc1 h5 26. f3 Qe6 27. Qc3 g5
28. Kf2 Kg7 29. Ra6 Rb7 30. Nf1 Qd7 31. Ne3 Ra7 32. Rxd6 Ra2+ 33. Kg1 Qe7 34.
Nf5+ 1-0

[Event "C.to Regionale Lombardia"]
[Site "Solaro ITA"]
[Date "2010.05.28"]
[Round "1"]
[White "Gonella, Graziano"]
[Black "Regorda, Vittorio"]
[Result "0-1"]
[WhiteElo "1281"]
[BlackElo "1860"]
[PlyCount "50"]
[EventDate "2010.05.28"]

1. e4 e5 2. Nf3 d6 3. d4 exd4 4. Nxd4 Be7 5. Be3 Nf6 6. Bd3 O-O 7. Nc3 Nbd7 8.
Qd2 Ne5 9. Be2 Nfg4 10. Bf4 Ng6 11. Bg3 Bg5 12. Qd3 Nf4 13. Bxf4 Bxf4 14. g3
Ne5 15. Qd1 Bh6 16. f4 Nc6 17. Nf5 Bxf5 18. exf5 Re8 19. Qd3 Nb4 20. Qd1 Qf6
21. a3 Nc6 22. Nd5 Qxb2 23. Nxc7 Qc3+ 24. Kf1 Rxe2 25. Nxa8 Qf3+ 0-1

[Event "C.to Regionale Lombardia"]
[Site "Solaro ITA"]
[Date "2010.05.28"]
[Round "1"]
[White "Greco, Umberto"]
[Black "Pelizzola, Danilo"]
[Result "0-1"]
[WhiteElo "1749"]
[BlackElo "2112"]
[PlyCount "132"]
[EventDate "2010.05.28"]

1. d4 Nf6 2. Nf3 g6 3. Bf4 Bg7 4. e3 d6 5. Be2 O-O 6. O-O Nbd7 7. h3 b6 8. Nfd2
c5 9. c3 Bb7 10. Bf3 Qc7 11. Bxb7 Qxb7 12. Qf3 Qxf3 13. Nxf3 Rac8 14. Nbd2 Rfd8
15. Rfe1 h6 16. Rad1 Nf8 17. Nb3 Ne4 18. Nbd2 Nxd2 19. Rxd2 cxd4 20. exd4 e6
21. Rde2 b5 22. a3 Nh7 23. Nd2 Nf6 24. Ne4 Nxe4 25. Rxe4 a5 26. Bd2 e5 27. dxe5
dxe5 28. R4e2 a4 29. Be3 Rd3 30. Rd2 Rxd2 31. Bxd2 f5 32. Kf1 Kf7 33. Rd1 Rd8
34. Ke2 Ke6 35. b3 axb3 36. Rb1 Kd5 37. Rxb3 Kc6 38. Be3 f4 39. Bd2 Bf8 40. f3
Bc5 41. Bc1 g5 42. Rb1 h5 43. Bb2 Be3 44. Bc1 Bc5 45. Bb2 Bb6 46. Rd1 Rg8 47.
Kf1 Re8 48. Re1 Bc7 49. Re4 Kd5 50. a4 bxa4 51. Rxa4 Rb8 52. Ba1 Rb1+ 53. Ke2
Rg1 54. c4+ Kc6 55. Kd3 Rxg2 56. Ke4 Rh2 57. Kf5 Rxh3 58. Kxg5 Rxf3 59. Kxh5
Rg3 60. c5 Kxc5 61. Re4 Kd5 62. Re1 e4 63. Rd1+ Rd3 64. Rb1 f3 65. Rb5+ Kc6 66.
Rf5 Rd5 0-1

[Event "C.to Regionale Lombardia"]
[Site "Solaro ITA"]
[Date "2010.05.28"]
[Round "1"]
[White "Guzzetti, Luigi Enrico"]
[Black "Bertuolo, Sergio"]
[Result "1-0"]
[WhiteElo "1880"]
[BlackElo "1499"]
[PlyCount "33"]
[EventDate "2010.05.28"]

1. e4 e6 2. d4 d5 3. e5 c5 4. c3 Nc6 5. Nf3 Qb6 6. Be2 f6 7. O-O Bd7 8. a3 c4
9. Nbd2 Na5 10. exf6 Nxf6 11. Ne5 Be7 12. Bh5+ Nxh5 13. Qxh5+ g6 14. Nxg6 hxg6
15. Qxh8+ Kf7 16. Qh7+ Kf6 17. Nf3 1-0

[Event "C.to Regionale Lombardia"]
[Site "Solaro ITA"]
[Date "2010.05.28"]
[Round "1"]
[White "Iori, Edmondo"]
[Black "Colombo, Luca"]
[Result "0-1"]
[WhiteElo "1520"]
[BlackElo "1911"]
[PlyCount "60"]
[EventDate "2010.05.28"]

1. e4 c5 2. Nf3 d6 3. d4 cxd4 4. Nxd4 Nf6 5. Bd3 g6 6. f3 Bg7 7. Be3 O-O 8. O-O
Nc6 9. c3 Bd7 10. Nd2 Rc8 11. f4 Qc7 12. Rc1 Qb8 13. Bb1 Nxd4 14. Bxd4 b6 15.
e5 Nd5 16. Be4 dxe5 17. fxe5 Nc7 18. Nf3 Ne6 19. Kh1 Nxd4 20. cxd4 Rxc1 21.
Qxc1 Rc8 22. Qd2 Bb5 23. Rc1 e6 24. Rxc8+ Qxc8 25. Qc3 Qxc3 26. bxc3 Bc4 27.
Bb1 Bh6 28. Kg1 Be3+ 29. Kh1 Bc1 30. Ne1 Bd2 0-1

[Event "C.to Regionale Lombardia"]
[Site "Solaro ITA"]
[Date "2010.05.28"]
[Round "1"]
[White "Mansueti, Marco"]
[Black "Mazzoccoli, Simone"]
[Result "1/2-1/2"]
[WhiteElo "1866"]
[BlackElo "1425"]
[PlyCount "73"]
[EventDate "2010.05.28"]

1. e4 c5 2. Nf3 Nc6 3. d4 cxd4 4. Nxd4 g6 5. Be3 Bg7 6. c3 Nf6 7. Nd2 O-O 8.
Be2 d5 9. Nxc6 bxc6 10. exd5 Nxd5 11. Nc4 Bf5 12. O-O Re8 13. Qd2 Qc7 14. Rad1
Rad8 15. Qc1 Kh8 16. Rfe1 Be4 17. Bd3 Bxd3 18. Rxd3 e5 19. Bh6 e4 20. Bxg7+
Kxg7 21. Rd4 f5 22. b3 Qf4 23. Qxf4 Nxf4 24. Rxd8 Rxd8 25. Kf1 Kf6 26. g3 Ne6
27. Rc1 c5 28. Ke1 Rd5 29. Rd1 Rxd1+ 30. Kxd1 Kg5 31. Ne5 Nd8 32. Ke2 f4 33.
Nd7 Ne6 34. h3 h5 35. a3 h4 36. g4 f3+ 37. Ke3 1/2-1/2

[Event "C.to Regionale Lombardia"]
[Site "Solaro ITA"]
[Date "2010.05.28"]
[Round "1"]
[White "Marchesotti, Giovanni"]
[Black "Bernasconi, Roberto"]
[Result "0-1"]
[WhiteElo "1591"]
[BlackElo "1931"]
[PlyCount "62"]
[EventDate "2010.05.28"]

1. c4 e5 2. Nc3 Nf6 3. Nf3 d6 4. g3 Be7 5. Bg2 c6 6. O-O O-O 7. d3 h6 8. Bd2
Na6 9. a3 Nc5 10. b4 Ne6 11. h3 Ne8 12. e3 f5 13. d4 e4 14. Ne1 d5 15. cxd5
cxd5 16. Qb3 Nf6 17. f3 b6 18. f4 Bb7 19. a4 a6 20. Nc2 Rc8 21. Na3 Qe8 22.
Rfc1 Qg6 23. Ne2 Qh5 24. Qd1 g5 25. Kf2 gxf4 26. exf4 Kh7 27. Rxc8 Rxc8 28. Rc1
Rg8 29. Be1 Qg6 30. Kg1 Nh5 31. Kh2 Nhxf4 0-1

[Event "C.to Regionale Lombardia"]
[Site "Solaro ITA"]
[Date "2010.05.28"]
[Round "1"]
[White "Margstahler, Francesco"]
[Black "Lapiccirella, Daniele"]
[Result "0-1"]
[WhiteElo "1799"]
[BlackElo "2206"]
[PlyCount "64"]
[EventDate "2010.05.28"]

1. e4 c5 2. c3 d5 3. exd5 Qxd5 4. d4 cxd4 5. cxd4 Nc6 6. Nf3 e5 7. Nc3 Bb4 8.
Bd2 Bxc3 9. Bxc3 e4 10. Ne5 Nxe5 11. dxe5 Ne7 12. Qa4+ Bd7 13. Qa3 Qe6 14. Rd1
O-O 15. Rd6 Qf5 16. Bc4 Qg4 17. O-O Bc6 18. e6 Nf5 19. Rxc6 Nh4 20. g3 Nf3+ 21.
Kg2 Nh4+ 22. Kg1 Nf3+ 23. Kg2 bxc6 24. e7 Rfe8 25. Bb4 Ng5 26. Bd6 Qh3+ 27. Kh1
Nf3 28. g4 Rxe7 29. Qb3 Re6 30. Bg3 Rh6 31. Bxf7+ Kh8 32. Bh5 Qxf1# 0-1

[Event "C.to Regionale Lombardia"]
[Site "Solaro ITA"]
[Date "2010.05.28"]
[Round "1"]
[White "Monticelli, Francesco"]
[Black "Betori, Alessandro"]
[Result "0-1"]
[WhiteElo "1657"]
[BlackElo "1984"]
[PlyCount "48"]
[EventDate "2010.05.28"]

1. e4 d5 2. exd5 Qxd5 3. Nc3 Qa5 4. d3 Nf6 5. Nf3 Bg4 6. Be2 e6 7. O-O Nbd7 8.
Bd2 c6 9. Re1 Be7 10. a3 O-O 11. Ne4 Qc7 12. Ng3 Bd6 13. h3 Bxf3 14. Bxf3 Bxg3
15. fxg3 Qxg3 16. Re3 Qc7 17. Qe2 Rad8 18. Rf1 Qb6 19. b3 Nd5 20. Bxd5 cxd5 21.
Kh1 Rc8 22. Rc1 e5 23. Rg3 f5 24. Bh6 Qxh6 0-1

[Event "C.to Regionale Lombardia"]
[Site "Solaro ITA"]
[Date "2010.05.28"]
[Round "1"]
[White "Occhipinti, Massimo"]
[Black "Falchi, Claudio"]
[Result "1-0"]
[WhiteElo "1993"]
[BlackElo "1663"]
[PlyCount "103"]
[EventDate "2010.05.28"]

1. e4 e6 2. d4 d5 3. e5 c5 4. dxc5 Nc6 5. Nf3 Bxc5 6. Bd3 Nge7 7. O-O Ng6 8.
Qe2 O-O 9. c3 Bd7 10. a4 Qc7 11. Re1 a6 12. Na3 Ba7 13. Nc2 Bb8 14. Bxg6 fxg6
15. Ncd4 Ba7 16. Nxc6 bxc6 17. h4 c5 18. Qxa6 c4 19. Qd6 Qxd6 20. exd6 Bc5 21.
a5 Bxd6 22. Ne5 Bxe5 23. Rxe5 Rf5 24. Rxf5 gxf5 25. Bf4 Bb5 26. Be5 Ba6 27. Kh2
Kf7 28. Kg3 Ra7 29. Kf4 Rb7 30. Ra2 h6 31. g3 Rd7 32. Ke3 Rd8 33. Kd4 Rc8 34.
Ra4 Ke7 35. Rb4 Kd7 36. Bxg7 h5 37. Bf6 Kd6 38. Rb6+ Rc6 39. Rb8 Bc8 40. Be5+
Kd7 41. Rb6 Ba6 42. Bb8 Rxb6 43. axb6 Bb7 44. Ke5 Ke7 45. Bd6+ Kf7 46. Bc5 Ke8
47. Kxe6 f4 48. gxf4 Kd8 49. Bd4 Kc8 50. f5 Bc6 51. Ke7 Bd7 52. f6 1-0

[Event "C.to Regionale Lombardia"]
[Site "Solaro ITA"]
[Date "2010.05.28"]
[Round "1"]
[White "Pandini, Giuseppe"]
[Black "D'Alessio, Angelo"]
[Result "1/2-1/2"]
[WhiteElo "1718"]
[BlackElo "2037"]
[PlyCount "122"]
[EventDate "2010.05.28"]

1. f4 d5 2. Nf3 c5 3. e3 Nf6 4. b3 e6 5. Bb2 Be7 6. Bd3 Nc6 7. O-O O-O 8. Nc3
a6 9. a3 b5 10. Qe1 c4 11. Be2 Bb7 12. Nd1 Rc8 13. Qg3 Ne8 14. Nf2 Bf6 15. Ne5
Ne7 16. Nfg4 Ng6 17. Nxf6+ Nxf6 18. Nxg6 fxg6 19. Qh3 Qe7 20. Rac1 Ne4 21. Rfd1
Nxd2 22. Rxd2 c3 23. Bxc3 Rxc3 24. Rd3 Rc6 25. b4 Rfc8 26. Bd1 Qf6 27. Rb1 g5
28. g3 gxf4 29. exf4 e5 30. fxe5 Qxe5 31. Qf1 Rf6 32. Rf3 d4 33. Rxf6 gxf6 34.
Rb3 Bd5 35. Rd3 Bc4 36. Be2 Bxd3 37. Bxd3 Re8 38. Kg2 Kg7 39. Qf3 Re7 40. Qg4+
Kf8 41. Qc8+ Kg7 42. Qxa6 Qd5+ 43. Kh3 Qd7+ 44. Kg2 Re5 45. Qa8 Re3 46. Qa6 Re5
47. Qa8 h5 48. Qf3 Qf7 49. Qc6 f5 50. Bxb5 h4 51. Qd7 Re2+ 52. Kf3 Qxd7 53.
Bxd7 Rxc2 54. Bxf5 Rc3+ 55. Ke2 hxg3 56. hxg3 Rxa3 57. Bd3 Ra2+ 58. Kf3 Rb2 59.
b5 Kf6 60. Ke4 Rb4 61. b6 Rxb6 1/2-1/2

[Event "C.to Regionale Lombardia"]
[Site "Solaro ITA"]
[Date "2010.05.28"]
[Round "1"]
[White "Pepa, Syrja"]
[Black "Aranovitch, Emiliano"]
[Result "0-1"]
[WhiteElo "1820"]
[BlackElo "2355"]
[PlyCount "106"]
[EventDate "2010.05.28"]

1. d4 Nf6 2. c4 c5 3. dxc5 Na6 4. Nc3 Nxc5 5. Nf3 g6 6. Qc2 Bg7 7. e4 d6 8. Be2
Bg4 9. O-O O-O 10. h3 Bxf3 11. Bxf3 Rc8 12. Be3 Nfd7 13. b4 Ne6 14. Qb3 Nd4 15.
Bxd4 Bxd4 16. Rac1 Ne5 17. Be2 Nc6 18. Rfd1 Bg7 19. c5 Nd4 20. Qa3 a5 21. bxa5
Rxc5 22. Bf1 Qxa5 23. Qxa5 Rxa5 24. Rb1 Rb8 25. Rd2 Nf3+ 26. gxf3 Bxc3 27. Rc2
Bd4 28. Bb5 Bc5 29. a4 Kg7 30. f4 Rd8 31. Rc4 b6 32. Kg2 Rf8 33. Rd1 e6 34. Kf3
Rfa8 35. Kg3 f5 36. f3 R5a7 37. h4 Rf8 38. e5 d5 39. Rc2 Raa8 40. Rd3 Ra5 41.
Rdd2 Raa8 42. Ra2 Ra7 43. Kg2 Kh6 44. Kg3 Kh5 45. Bc6 Be7 46. Rh2 Rc8 47. Bb5
Rac7 48. Rab2 Rc1 49. Bd3 Rg1+ 50. Kf2 Rcc1 51. Ke3 Bc5+ 52. Ke2 Rge1+ 53. Kd2
Be3# 0-1

[Event "C.to Regionale Lombardia"]
[Site "Solaro ITA"]
[Date "2010.05.28"]
[Round "1"]
[White "Quagliarella, Sabino Remo"]
[Black "Centofante, Maria Rosa"]
[Result "1-0"]
[WhiteElo "1916"]
[BlackElo "1585"]
[PlyCount "119"]
[EventDate "2010.05.28"]

1. d4 Nf6 2. c4 c6 3. Nc3 d5 4. Nf3 e6 5. Bg5 Be7 6. e3 h6 7. Bh4 Nbd7 8. Bd3
Qc7 9. Rc1 dxc4 10. Bxc4 a6 11. O-O O-O 12. e4 Nb6 13. Bd3 Re8 14. Qe2 Qd8 15.
Rfd1 Nh7 16. Bg3 Ng5 17. Nxg5 Bxg5 18. f4 Bh4 19. Bxh4 Qxh4 20. g3 Qe7 21. Qf2
Nd7 22. e5 f5 23. Be2 g5 24. h3 Qg7 25. Kh2 Re7 26. a4 Nb6 27. a5 Nd5 28. Nxd5
exd5 29. Rc3 Be6 30. Rg1 g4 31. hxg4 fxg4 32. f5 Rf7 33. f6 Qg5 34. Kg2 Bf5 35.
Bd3 Be6 36. Qf4 Qxf4 37. gxf4 Kh8 38. Rh1 Rh7 39. f5 Bg8 40. e6 Re8 41. Rh5 Rf8
42. f7 Bxf7 43. exf7 Rfxf7 44. f6 Rxf6 45. Bxh7 Kxh7 46. Re3 Kg6 47. Rhe5 h5
48. Re6 h4 49. Rxf6+ Kxf6 50. b4 Kf5 51. Re7 Kf4 52. Rf7+ Ke4 53. Rh7 h3+ 54.
Kg3 Kxd4 55. Rxb7 Kc3 56. Rb6 d4 57. Rxc6+ Kxb4 58. Rxa6 Kc3 59. Rd6 d3 60. a6
1-0

[Event "C.to Regionale Lombardia"]
[Site "Solaro ITA"]
[Date "2010.05.28"]
[Round "1"]
[White "Regorda, Massimiliano"]
[Black "Mondini, Francesco"]
[Result "1-0"]
[WhiteElo "1911"]
[BlackElo "1516"]
[PlyCount "73"]
[EventDate "2010.05.28"]

1. e4 e5 2. Nf3 Nc6 3. d4 exd4 4. Bc4 Be7 5. c3 d6 6. Qb3 Nf6 7. Bxf7+ Kf8 8.
Bd5 Ne5 9. Nxe5 dxe5 10. cxd4 c6 11. dxe5 cxd5 12. exf6 Bxf6 13. Qxd5 Qc7 14.
O-O Bd7 15. Rd1 Bc6 16. Qc5+ Be7 17. Qf5+ Ke8 18. Nc3 g6 19. Qe6 Rd8 20. Bg5
Rf8 21. Rxd8+ Qxd8 22. Rd1 Qc7 23. Nd5 Bxd5 24. exd5 Qd6 25. Bxe7 Qxe7 26.
Qxe7+ Kxe7 27. f3 Kd6 28. Kf2 Rc8 29. Rd2 Rc5 30. Ke3 Rxd5 31. Rxd5+ Kxd5 32.
g4 b5 33. h4 a5 34. Kf4 Kd4 35. Kg5 Ke3 36. f4 Kf3 37. f5 1-0

[Event "C.to Regionale Lombardia"]
[Site "Solaro ITA"]
[Date "2010.05.28"]
[Round "1"]
[White "Revinelli, Sergio"]
[Black "Molinelli, Luigi"]
[Result "1-0"]
[WhiteElo "1836"]
[BlackElo "1092"]
[PlyCount "53"]
[EventDate "2010.05.28"]

1. e4 c5 2. Nf3 Nc6 3. d4 cxd4 4. Nxd4 Nf6 5. Nc3 Qb6 6. Nb3 e6 7. Be3 Qd8 8.
Be2 Bb4 9. Qd3 O-O 10. O-O a6 11. f4 d6 12. Bf3 Re8 13. a3 Bxc3 14. Qxc3 Bd7
15. Rad1 Qb8 16. Qd2 d5 17. e5 Qd8 18. exf6 Qxf6 19. c3 Ne7 20. Nd4 Ng6 21. Be2
Qd8 22. Nf3 f5 23. Bd4 e5 24. Bxe5 Qe7 25. Qxd5+ Be6 26. Qd6 Qf7 27. Ng5 1-0

[Event "C.to Regionale Lombardia"]
[Site "Solaro ITA"]
[Date "2010.05.28"]
[Round "1"]
[White "Rota, Simone"]
[Black "Schingaro, Angelo"]
[Result "1-0"]
[WhiteElo "2019"]
[BlackElo "1714"]
[PlyCount "73"]
[EventDate "2010.05.28"]

1. d4 d5 2. c4 c6 3. Nf3 Nf6 4. e3 e6 5. Nc3 Nbd7 6. Bd3 a6 7. O-O dxc4 8. Bxc4
b5 9. Bd3 Bb7 10. Qe2 c5 11. Rd1 b4 12. Na4 Qa5 13. b3 Ne4 14. Nd2 f5 15. Nxe4
fxe4 16. Bc4 Nb6 17. Nxb6 Qxb6 18. Qh5+ g6 19. Qe5 Rg8 20. Qxe6+ Qxe6 21. Bxe6
Rg7 22. d5 Bd6 23. Bb2 Rc7 24. f3 exf3 25. gxf3 Ke7 26. e4 Bf4 27. e5 Ke8 28.
d6 Rc6 29. Rd3 a5 30. Re1 Rb6 31. Bc1 Ba6 32. Rdd1 g5 33. Bxf4 gxf4 34. Re4 a4
35. Rxf4 axb3 36. axb3 Be2 37. Rg4 1-0

[Event "C.to Regionale Lombardia"]
[Site "Solaro ITA"]
[Date "2010.05.28"]
[Round "1"]
[White "Sbarra, Marco"]
[Black "Biava, Pierluigi"]
[Result "1-0"]
[WhiteElo "2309"]
[BlackElo "1799"]
[PlyCount "43"]
[EventDate "2010.05.28"]

1. e4 e5 2. f4 exf4 3. Bc4 Qh4+ 4. Kf1 d6 5. Nf3 Qf6 6. d4 Bg4 7. e5 dxe5 8.
dxe5 Qf5 9. Nc3 Nd7 10. Bd3 Qh5 11. Bxf4 O-O-O 12. Ne4 Nc5 13. Nxc5 Bxc5 14.
Qe2 Ne7 15. Qe4 Bf5 16. Qc4 Bxd3+ 17. cxd3 Ng6 18. Bg3 Be7 19. Rc1 c6 20. Qe4
f5 21. exf6 Bxf6 22. Rxc6+ 1-0

[Event "C.to Regionale Lombardia"]
[Site "Solaro ITA"]
[Date "2010.05.28"]
[Round "1"]
[White "Torretta, Gilberto"]
[Black "Ranfagni, Stefano"]
[Result "0-1"]
[WhiteElo "1701"]
[BlackElo "2011"]
[PlyCount "62"]
[EventDate "2010.05.28"]

1. e4 e5 2. Nf3 Nc6 3. Bb5 a6 4. Ba4 Nf6 5. O-O d6 6. d3 Be7 7. c3 Bg4 8. Be3
O-O 9. Nbd2 b5 10. Bc2 d5 11. exd5 Nxd5 12. Ne4 f5 13. Bb3 Kh8 14. h3 fxe4 15.
dxe4 Nxe3 16. fxe3 Bxf3 17. Rxf3 Qxd1+ 18. Rxd1 Rad8 19. Bd5 Rxf3 20. gxf3 Na5
21. Kg2 c6 22. Bb3 Nxb3 23. Rxd8+ Bxd8 24. axb3 Kg8 25. f4 Kf7 26. Kg3 Bb6 27.
Kf3 Ke6 28. h4 g6 29. b4 h5 30. b3 Bd8 31. Kg3 Bf6 0-1